000 00650nam a2200205Ii 4500
001 4557
003 CO-ViMGA
008 241108s9999||||xx |||||||||||||| ||und||
040 _aCO-ViMGA
_bspa
_erda
_cCO-ViMGA
041 0 _aspa
082 0 4 _a612.6 T918
100 1 _aAdolf Tüllmann
_944229
245 1 0 _aVida amorosa de los pueblos naturales :
_bcomportamiento sexual de las comunidades primitivas
264 1 _aMadrid, España : Círculo de Lectores, 1971
300 _avolumen
336 _atext
_btxt
_2rdacontent
337 _aunmediated
_bn
_2rdamedia
338 _avolume
_bnc
_2rdacarrier
940 _aidficha_siabuc: 4444. -- ficha_no_siabuc:4557
999 _c38683
_d38683